| 000 | 00996nam a2200253 i 4500 | ||
|---|---|---|---|
| 001 | 172509 | ||
| 003 | ES-MaACL | ||
| 005 | 20230906214935.0 | ||
| 008 | 090713s1963 xxu |||| | eng d | ||
| 080 | _a94(460).092 | ||
| 080 | _a32(460)"1931/1939" | ||
| 100 | 1 |
_aBorkenau, Franz. _930510 |
|
| 245 | 1 | 4 |
_aThe Spanish cockpit _b: an eye-witness account of the political and social conflicts of the Spanish Civil War / _cby Franz Borkenau ; forewood by Gerald Brenan. |
| 250 | _a1st ed. as an Ann Arbor paperback. | ||
| 260 |
_a[Michigan] : _bThe University of Michigan Press, _c1963. |
||
| 300 |
_aXI, 303 p. ; _c20 cm. |
||
| 490 | 1 |
_aAnn Arbor paperbacks ; _v77 |
|
| 651 | 4 |
_aEspaña- _xHistoria- _y1936-1939, Guerra civil. _98292 |
|
| 651 | 4 |
_aEspaña- _xPolítica y gobierno- _y1931-1939. _9141057 |
|
| 700 | 1 |
_aBrenan, Gerald. _931574 |
|
| 830 | 1 |
_aAnn Arbor paperbacks ; _v77 _9223350 |
|
| 852 |
_aES-MaACL _jE-12827 _z- Biblioteca Jacinto Martínez Lacalle |
||
| 999 |
_c172509 _d172509 |
||